000 00561nam a2200205Ia 4500
005 20250923144630.0
008 008 250917s9999 xx 000 0 eng d
037 _aTextual
040 _aDSWL
_beng
_cDSWL
041 _aeng
_2eng
084 _az253, N59
_qDSWL
100 _aDiwakar, R.R.
_9826824
245 0 _aBihar through the ages
_cby R.R.Diwakar
260 _aNew Delhi
_b Orient Longmans
_c1959
300 _axxviii,89p.
365 _aINR
_b20
925 _g20
942 _cTEXL
_hz253, N59
999 _c1441410
_d1441410